00751nam a2200229 u 450000100070000000500170000700800410002403500110006503500210007604000130009704100080011010000440011824500520016226000610021430000140027560000450028965000350033465000210036977301050039094200090049599900170050422957820241108090417.0980709s1982 spa  a229578 a(OCoLC)777710554 ccomduadb aspa10aArcila Arango, Miguel4auteaut928723210aNietzsche y la fantasia infantil del parricidio aMedellín :bEditorial Universidad de Antioquia,c1982. ap.115-12714aNietzsche, Friedrich,d1844-19009856386 aFantasia (Psicología)918320 aParricidio944790 tMartes del Paraninfo : sobre psiquiatria y psicoanalisisgp.115-127w186339w(OCoLC)778054661082127 cBOOK c98328d98328